000 00582nam a22001817a 4500
005 20260205092952.0
008 260204b |||||||| |||| 00| 0 eng d
020 _a978-1-59028-297-7
050 _aQA 76.73 .P 98 Z 45 2025
100 _aZELLE, JOHN M.
245 _aPYTHON PROGRAMMING: AN INTRODUCTION TO COMPUTER SCIENCE.
250 _a4TH
260 _aPORTLAND,
_bFRANKLIN, BEEDLE AND ASSOCIATES INC,
_c202,
300 _axv, 557 p, ILL
500 _aINCLUDES BIBLIOGRAPHICAL REFERENCES AND INDEX
650 _aPYTHON( COMPUTER PROGRAM LANGUAGE)
942 _2lcc
_cBK
999 _c216536
_d216536